000 00894nam a22002775a 4500
005 20150823121042.0
008 150817r20052002ii a|||fr|||| 001 0 eng d
010 _a2002511174
020 _a9780070495364
020 _a007049536x
035 _a(OCoLC)ocm49647541
040 _aEG-ScBUE
_beng
_cEG-ScBUE
082 0 4 _a005.276
_bMAC
_222
100 1 _aMacDonald, Matthew.
245 1 0 _aASP.NET :
_bthe complete reference /
_cMatthew MacDonald.
260 _aNew Delhi :
_bTata McGraw-Hill Publishing,
_c2002.
300 _axxix, 977 p. :
_bill. ;
_c24 cm.
504 _aIndex : p. 945-977.
590 _ayassmeen ashraf
650 0 _aInternet programming.
_2BUEsh
650 0 _aWeb site development.
_2BUEsh
651 _2BUEsh
653 _bCOMSCI
_cAugust2015
856 4 2 _3Table of contents
_uhttp://www.loc.gov/catdir/toc/mh023/2002511174.html
942 _cBB
_k005.276 MAC
_2ddc
999 _c647
_d647